Statistics for Guess the lyrics (#6)

Click here to take the quiz!

General Stats

  • This quiz has been taken 301 times
  • The average score is 97 of 228

Answer Stats

Answer% Correct
a
96%
the
90%
you
89%
and
81%
on
74%
When
70%
when
70%
in
68%
be
67%
me
67%
your
64%
so
63%
for
52%
We're
51%
if
50%
then
50%
One
49%
one
49%
rock
49%
it's
45%
some
42%
have
40%
two
40%
will
39%
four
38%
gonna
38%
three
38%
too
38%
five
36%
Five
36%
around
35%
seven
35%
six
35%
eight
34%
Nine
34%
nine
34%
ten
34%
twelve
34%
eleven
33%
clock
32%
tonight
32%
we'll
31%
We'll
31%
I'll
30%
goin'
29%
more
29%
o'clock
28%
down
26%
off
26%
til
24%
strikes
23%
daylight
22%
strikes
22%
broad
21%
fun
21%
heaven
18%
Put
18%
right
17%
again
14%
round
13%
rockin'
12%
yell
12%
seventh
11%
band
10%
glad
10%
rags
10%
ring
10%
start
10%
hon'
9%
join
9%
strong
8%
chimes
7%
cool
7%
slows
7%

Score Distribution

Percentile by Number Answered

Percent of People with Each Score

Your Score History

You have not taken this quiz